Твори (Запис № 575704)

МАРК-запис
000 -Лідер
fixed length control field 00761nam a2200229 4500
001 - Контрольний номер
control field 2162214035924552
003 - Ідентифікатор контрольного номера
control field UA-OsUOA
005 - Дата та час останнього входження (трансакції)
control field 20240105125248.0
008 - Елементи даних фіксованої довжини – загальна інформація
fixed length control field 240105b un ||||| |||| 00| 0 ukr d
040 ## - Джерело каталогізації
Агенція оригінальної каталогізації UA-OsUOA
Мова каталогізації ukr
Агенція, яка здійснювала перезапис UA-OsUOA
Агенція, яка здійснювала модифікацію UA-OsUOA
041 ## - Код мови
Код мови тексту/ звукової доріжки чи окремого заголовка (П) ukr
080 ## - Індекс Універсальної десяткової класифікації
Індекс Універсальної десяткової класифікації (УДК) (НП) 821.161.2
090 ## - Локальний шифр розміщення
Класифікаційний індекс УДК 821.161.2
Авторський знак (НП) В75
100 ## - Основне введення – ім’я особи
Ім’я особи (НП) Воробкевич С.
245 ## - Відомості про назву
Назва (НП) Твори
Дані про відповідальність (НП) Сидір Воробкевич
260 ## - Публікація, розповсюдження і т.п. (Вихідні дані)
Місце публікації, розповсюдження і т.п. (П) Ужгород
Ім’я/ наймення видавництва, розповсюджувача і т.п. (П) Карпати
Дата публікації, розповсюдження і т.п. (П) 1986
300 ## - Фізичний опис
Обсяг 562 с.
650 ## - Додаткове предметне введення – тематичний термін
Джерело заголовка чи терміна UDC
Тематичний термін чи географічна назва, як елемент введення (НП) 821.161.2 Українська література
942 ## - Додаткові елементи входу (Коха)
Source of classification or shelving scheme Universal Decimal Classification
Тип елемента Koha Книги
955 ## - Код типу видання за змістом
Код типу видання за змістом (НП) Літературно-художні видання
Фонди
Стан вилучень Стан втрат Джерело класифікації або схеми стелажів Стан уражень Не для кредиту Код колекції Постійне місце розташування Поточне розміщення Дата придбання Усього замовленно Повний номер виклику Штрих-код Дата останнього перегляду Ціна ефективна від Тип елемента Koha
    Universal Decimal Classification     Колекція Крекотня В. І. ЧЗ - Читальна зала ЧЗ - Читальна зала 05/01/2022   821.161.2 В75 92747 05/01/2024 05/01/2024 Книги